[Event "Montreal op U2000"]
[Site "Montreal"]
[Date "2016.09.11"]
[Round "5.45"]
[White "Sahuguet, Nicolas"]
[Black "Robillard, Jean Philippe"]
[Result "0-1"]
[WhiteElo "1863"]
[BlackElo "1636"]
[PlyCount "104"]
[EventDate "2016.09.09"]
[EventType "swiss"]
[EventRounds "5"]
[EventCountry "CAN"]
[SourceTitle "EXT 2022"]
[Source "ChessBase"]
[SourceDate "2021.10.06"]
[SourceVersion "1"]
[SourceVersionDate "2021.10.06"]
[SourceQuality "1"]

1. d4 Nf6 2. c4 e6 3. Nc3 d5 4. cxd5 exd5 5. Bg5 c6 6. Qc2 Bd6 7. e3 Bg4 8. Bd3 Qb6 9. f3 Be6 10. Bxf6 gxf6 11. Nge2 Na6 12. a3 c5 13. 0-0 c4 14. Bf5 Nc7 15. a4 h6 16. Rfb1 Bb4 17. Nf4 Kd7 18. Nh5 Ke7 19. g4 a5 20. Kh1 Rae8 21. Rc1 Kd8 22. Re1 Bd7 23. Bxd7 Bxc3 24. bxc3 Kxd7 25. Rab1 Qc6 26. Qf5+ Re6 27. Nxf6+ Ke7 28. Nh5 Rg8 29. h3 b5 30. axb5 Nxb5 31. Ra1 Ra8 32. Nf4 Nxc3 33. Nxe6 fxe6 34. Qh7+ Kd6 35. Qxh6 a4 36. Qf4+ Kd7 37. Qf7+ Kc8 38. Qf8+ Kc7 39. Qe7+ Kb6 40. Qb4+ Nb5 41. Rxa4 Rxa4 42. Qxa4 Nxd4 43. Qb4+ Nb5 44. Rc1 c3 45. Kg2 e5 46. Kf2 d4 47. Ke2 Qd5 48. Kd3 Qxf3 49. Rb1 e4+ 50. Kc2 d3+ 51. Kb3 Qf7+ 52. Ka4 Qa2+ 0-1

[Event "Syre Memorial op 19th"]
[Site "Issy les Moulineaux"]
[Date "1996.??.??"]
[Round "3"]
[White "Sahuguet, Nicolas"]
[Black "Lazarev, Vladimir"]
[Result "0-1"]
[WhiteElo "1850"]
[BlackElo "2445"]
[PlyCount "56"]
[EventDate "1996.05.??"]
[EventType "swiss"]
[EventRounds "6"]
[EventCountry "FRA"]
[SourceTitle "EXT 2005"]
[Source "ChessBase"]
[SourceDate "2004.11.15"]
[SourceVersion "1"]
[SourceVersionDate "2004.11.15"]
[SourceQuality "1"]

1. d4 Nf6 2. c4 c5 3. d5 b5 4. cxb5 a6 5. b6 Qxb6 6. Nc3 d6 7. g3 g6 8. Bg2 Bg7 9. Nf3 0-0 10. 0-0 Nbd7 11. Rb1 Qc7 12. b3 Bb7 13. e4 Nb6 14. Nd2 e6 15. Nc4 exd5 16. Nxb6 Qxb6 17. Nxd5 Nxd5 18. exd5 a5 19. Be3 Bc8 20. Qc2 Re8 21. Be4 Ra7 22. Rfe1 Bh3 23. Bd3 Rae7 24. Bf1 Bf5 25. Bd3 Bxd3 26. Qxd3 Bd4 27. Qd2 Qb4 28. Kf1 Bc3 0-1